Brown Eyes Only Quiz Stats

Quiz not verified by Sporcle

Also try: Click a Roger
Challenge
Share
Tweet
Embed
Score 0/26 Timer 04:00
0 Plays Today
% Correct
Amal Clooney
78.6%
Jennifer Lopez
77.6%
Michelle Obama
71.4%
Johnny Depp
71.4%
Oprah Winfrey
68.4%
Marisa Tomei
66.3%
Mariah Carey
66.3%
George Clooney
64.3%
Ariana Grande
64.3%
Liza Minnelli
63.3%
Jimmy Fallon
63.3%
Carrie Fisher
62.2%
Whitney Houston
62.2%
% Correct
Hoda Kotb
61.2%
Sandra Bullock
59.2%
Julia Roberts
54.1%
Colin Farrell
53.1%
Natalie Portman
52%
Keira Knightley
52%
Mariska Hargitay
50%
Judy Garland
49%
Jim Morrison
43.9%
Britney Spears
43.9%
Neve Campbell
37.8%
Matt Lauer
35.7%
Ryan Reynolds
27.6%

You're not logged in!

Compare scores with friends on all Sporcle quizzes.
Join for Free
OR
Log In

You Might Also Like...

Show Comments

Extras

Created Jul 1, 2016ReportNominate
Tags:Clickable Quiz, brown, eye

Top Quizzes Today


Score Distribution

Your Account Isn't Verified!

In order to create a playlist on Sporcle, you need to verify the email address you used during registration. Go to your Sporcle Settings to finish the process.

Report this User

Report this user for behavior that violates our Community Guidelines.

Details: